00483nam a2200181 a 4500001001300000003000900013005001700022008004100039020002300080082001500103100001700118245003600135260002900171500003500200505002600235650002300261700001700284nice12345678IN_TiNIC20260116012251.0050524s1982 newa grp 000 0 eng  a0582224 c10000a297.1bAZZ aAzzam, Salem aIslam and Contemporary Society. aNew YorkbLongman c1982 aincludes index and biblioraphy2 aIndexes, Bibliography aIslam-20th Century1 aAzzam, Salem